000 00390nam a2200157 i 4500
001 bg
100 1 _aBOCKRIS, John O`M.
245 0 _aZadania z elektrochemii /
_cJohn O`M. Bockris, Ronald A. Fredlein.
260 _aWarszawa,
_c1977.
700 1 _aFREDLEIN, Ronald A.
040 _cBPK
041 _apol
080 _a541.1
942 _cKS
008 s pl f |000 0 pol
999 _c17278
_d17278
856 _uhttp://koha.tu.koszalin.pl/cgi-bin/koha/opac-detail.pl?biblionumber=17278
_yKatalog online BPK